<?xml version="1.0" encoding="UTF-8"?>
<collection xmlns="http://www.loc.gov/MARC21/slim">
 <record>
  <leader>01068cam a2200289 7i4500</leader>
  <controlfield tag="001">0000058371</controlfield>
  <controlfield tag="005">20250902090000.0</controlfield>
  <controlfield tag="007">  Monographs</controlfield>
  <controlfield tag="008">020925           eng</controlfield>
  <datafield tag="020" ind1=" " ind2=" ">
   <subfield code="a">9786294890503 (pbk.) </subfield>
  </datafield>
  <datafield tag="040" ind1=" " ind2=" ">
   <subfield code="a">TSAM</subfield>
  </datafield>
  <datafield tag="090" ind1="0" ind2="0">
   <subfield code="a">G156.5.S87 </subfield>
   <subfield code="b">MUT 2024</subfield>
  </datafield>
  <datafield tag="245" ind1="1" ind2="0">
   <subfield code="a">Spiritual tourism in Turkiye and Malaysia : </subfield>
   <subfield code="b">segmentation approach for sustainability  </subfield>
   <subfield code="c">Mutia Sobihah Abd Halim, Shamsiah Banu Mohamad Hanefar and Ekrem Tatogiu.</subfield>
  </datafield>
  <datafield tag="264" ind1=" " ind2="1">
   <subfield code="a">Bachok Kelantan: </subfield>
   <subfield code="b">UMK Press, </subfield>
   <subfield code="c">2024.</subfield>
  </datafield>
  <datafield tag="300" ind1=" " ind2=" ">
   <subfield code="a">xviii, 149 pages: </subfield>
   <subfield code="b">color illustrations; </subfield>
   <subfield code="c">23 cm.</subfield>
  </datafield>
  <datafield tag="336" ind1=" " ind2=" ">
   <subfield code="a">text</subfield>
   <subfield code="2">rdacontent</subfield>
  </datafield>
  <datafield tag="337" ind1=" " ind2=" ">
   <subfield code="a">unmediated</subfield>
   <subfield code="2">rdamedia</subfield>
  </datafield>
  <datafield tag="338" ind1=" " ind2=" ">
   <subfield code="a">volume</subfield>
   <subfield code="2">rdacarrier</subfield>
  </datafield>
  <datafield tag="501" ind1="0" ind2="0">
   <subfield code="a">Library</subfield>
  </datafield>
  <datafield tag="504" ind1="0" ind2="0">
   <subfield code="a">Includes bibliographical references and index</subfield>
  </datafield>
  <datafield tag="650" ind1="1" ind2="0">
   <subfield code="a">Sustainable tourism -- </subfield>
   <subfield code="z">Turkey </subfield>
  </datafield>
  <datafield tag="650" ind1="0" ind2="0">
   <subfield code="a">Tourism -- </subfield>
   <subfield code="x">Planning -- </subfield>
   <subfield code="z">Turkey </subfield>
  </datafield>
  <datafield tag="650" ind1="0" ind2="0">
   <subfield code="a">Hospitality industry -- </subfield>
   <subfield code="x">Environmental aspects -- </subfield>
   <subfield code="z">Turkey </subfield>
  </datafield>
  <datafield tag="700" ind1="1" ind2=" ">
   <subfield code="a">Ekrem Tatogiu </subfield>
  </datafield>
  <datafield tag="700" ind1="1" ind2=" ">
   <subfield code="a">Shamsiah Banu Mohamad Hanefar </subfield>
  </datafield>
  <datafield tag="700" ind1="1" ind2=" ">
   <subfield code="a">Mutia Sobihah Abd Halim </subfield>
  </datafield>
  <datafield tag="856" ind1=" " ind2=" ">
   <subfield code="u">https://https://tukangbuku.com/</subfield>
  </datafield>
 </record>
</collection>
